Normal view
MARC view
- Greenberg, Karen L
Entry Personal Name
001 - CONTROL NUMBER
- control field: 4630
003 - CONTROL NUMBER IDENTIFIER
- control field: OSt
005 - DATE AND TIME OF LATEST TRANSACTION
- control field: 20220905053156.0
008 - FIXED-LENGTH DATA ELEMENTS
- fixed length control field: 220905|| aca||aabn | a|a d
040 ## - CATALOGING SOURCE
- Original cataloging agency: OSt
- Transcribing agency: OSt
100 ## - HEADING--PERSONAL NAME
- Personal name: Greenberg, Karen L
670 ## - SOURCE DATA FOUND
- Source citation: Work cat.: (OSt)4101: Greenberg, Karen L. , The Advancing Writer / Book - 1, c1994
